| 000 | 02213nam a2200493Ii 4500 | ||
|---|---|---|---|
| 001 | DIGOCTA0017 | ||
| 003 | NyNyDIG | ||
| 008 | 141201s2012 sp a ob 000 0 spa d | ||
| 006 | m o d | ||
| 007 | cr ||||||||||| | ||
| 020 |
_a9788499213262 _q(eBook ; _qpdf) |
||
| 020 | _z9788499211688 | ||
| 020 | _z8499211682 | ||
| 020 | _z | ||
| 035 | _a(OCoLC)914248910 | ||
| 040 |
_aDGITA _beng _erda _epn _cDGITA |
||
| 041 | 1 |
_aspa _hcat |
|
| 050 | 1 | 4 | _aBF576 eBook |
| 100 | 1 |
_aRiera i Alibés, Ramon, _eauthor. |
|
| 240 | 1 | 0 |
_aConnexió emocional. _lSpanish. |
| 245 | 1 | 3 |
_aLa conexión emocional : _bformación y transformación de la forma que tenemos de reaccionar emocionalmente / _cRamon Riera i Alibés ; [traducción al castellano: Maria Riera Velasco y Carles Andreu Saburit]. |
| 250 | _aPrimera edición [electrónica]. | ||
| 264 | 1 |
_aBarcelona : _bEditorial Octaedro, _c2012. |
|
| 300 | _a1 online resource (301 pages) | ||
| 336 |
_atext _btxt _2rdacontent |
||
| 337 |
_acomputer _bc _2rdamedia |
||
| 338 |
_aonline resource _bcr _2rdacarrier |
||
| 490 | 1 |
_aCon vivencias ; _v5. |
|
| 500 | _aPrimera edición en papel: mayo de 2011. Primera edición electrónica: noviembre de 2012. | ||
| 500 | _aTranslation of: La connexió emocional. Formació i transformació de la nostra manera de reaccionar emocionalment. Barcelona : Octaedro, 2006. | ||
| 504 | _aIncludes bibliographical references (pages 145-149). | ||
| 588 | 0 | _aOnline resource; title from ePub and PDF title page (Digitalia, viewed November 15, 2014) | |
| 650 | 0 | _aEmotions. | |
| 655 | 0 | _aElectronic books. | |
| 700 | 1 |
_aRiera Velasco, Maria, _etranslator. |
|
| 700 | 1 |
_aAndreu Saburit, Carles, _etranslator. |
|
| 791 | 2 |
_aDigitalia (Firm), _edistributor. |
|
| 793 | 0 |
_gDigitalia eBook Collection: _aEditorial Octaedro. |
|
| 776 | 0 | 8 |
_iPrint version: _aRiera i Alibés, Ramon. _tConexión emocional : formación y transformación de la forma que tenemos de reaccionar emocionalmente. _dBarcelona : Editorial Octaedro, 2012. _z9788499211688. |
| 830 | 0 |
_aCon vivencias ; _v5. |
|
| 856 | 4 | 0 |
_3Digitalia Hispánica _uhttps://www.digitaliapublishing.com/a/19189/ |
| 910 | _aPremium Collection: 2014 | ||
| 942 | _cRAA | ||
| 999 |
_c236317 _d236317 |
||